| 000 | 01036nam a22002775a 4500 | ||
|---|---|---|---|
| 006 | m||||fr||z| 00| 0 | ||
| 008 | 130120s2003 Masa|||fr|||| 001 0 eng d | ||
| 010 | _a2002074380 | ||
| 020 | _a0201844532 (pbk.) | ||
| 020 | _a9780201844535 | ||
| 040 |
_aEG-ScBuE _beng _cEG-ScBuE |
||
| 082 | 0 | 4 |
_a005.133 _bCOO _222 |
| 100 | 1 | _aCooper,James W. | |
| 245 | 1 | 0 |
_aC# Design Patterns : _ba tutorial / _cJames W. Cooper. |
| 260 |
_aBoston : _bAddison-Wesley, _cc.2003. |
||
| 300 |
_axxi, 392 p. : _bill. ; _c24 cm. + _e1 CD-ROM (4 3/4 in.) |
||
| 500 | _aIndex : p. 367-392. | ||
| 504 | _aBibliography : p. 365-366. | ||
| 538 | _aSystem requirements for accompanying CD-ROM: Pentium PC running Windows 98/NT/2000, or XP. Visual Studio.Net must be installed. 100 megabytes of disk space and 32Mb of RAM required. | ||
| 590 | _ayassmeen ashraf | ||
| 650 | 0 |
_a (Computer program language) _aC _931922 _2BUEsh |
|
| 650 | 0 |
_aSoftware patterns. _931923 _2BUEsh |
|
| 651 | _2BUEsh | ||
| 653 |
_bCOMSCI _cAugust2015 |
||
| 942 |
_cBB _k005.133 COO _2ddc |
||
| 999 |
_c497 _d497 |
||